000 01867cam a2200577 a 4500
001 22812
003 SK-KTurca
005 20260428144051.0
008 240315s2012 xo oa j 001 0 slo
015 _aSNBA2013
020 _a9788081075377
_q(viaz.)
035 _aB311266F-BE34-43E2-8CC4-14BBC3B50CD4
035 _aurn:nbn:sk:snk-amkwva
035 _aurn:nbn:sk:snk-am0082pb
040 _aPOKPOH
_bslo
_cPOKPOH
_dSNK
_eAACR2
041 1 _aslo
_hger
044 _axo
_cSK
072 7 _a636
_xChov zvierat. Živočíšna výroba
_2konspekt
072 7 _a0/9-053.2
_xLiteratúra pre deti a mládež (náučná)
_2konspekt
080 _a636.1
_22001
080 _a636.16
_22001
080 _a636.08
_22001
080 _a(0.062)
_22001
080 _a(0.053.2)
_22001
080 _a636.088
_22001
080 _a798
_22001
100 1 _aRiondino, Giada
_4aut
240 1 0 _aHorse compendium - Mein Grosses Buch der Pferde
_lSlovensky
245 1 0 _aMoja veľká kniha o koňoch
_c[text: Giada Riondino ; z nemeckého vydania preložil Martin Lukáč]
250 _a1. slov. vyd.
260 _aBratislava
_bSvojtka & Co
_c2012
300 _a141 s.
_bfareb. fotogr. a ilustr.
_c29 cm
504 _aReg.
650 0 7 _akone
_2SNKPH
650 0 7 _apony
_2SNKPH
650 0 7 _achov zvierat
_2SNKPH
650 0 7 _ajazdectvo
_2SNKPH
650 0 7 _aHorses
_2SNKPHeng
650 0 7 _aAnimal husbandry
_2SNKPHeng
650 0 7 _aBreeding
_2SNKPHeng
650 0 7 _aAnimal training
_2SNKPHeng
650 0 7 _avýcvik zvierat
_2SNKPH
650 0 7 _aPonies
_2SNKPHeng
650 0 7 _aHorsemanship
_2SNKPHeng
655 7 _apopulárno-náučné publikácie
_2SNKPH
655 7 _apublikácie pre deti
_2SNKPH
655 7 _aPopular works
_2SNKPHeng
655 7 _aChildren's literature
_2SNKPHeng
700 1 _aLukáč, Martin,
_d1971 október 31.-
_4trl
942 _2ddc
_cOLDE
_n0
999 _c22812
_d22812